000
00227 a2200097 4500
001
2370
100
_a
Sumner,PGH
245
_a
Introduction to a/C Performance calculation
260
_a
_b
Crosly Lockwood
_c
090
_c
1723
_d
1723
942
_a
NUST-CAE
_c
M
_c
8036
999
_c
237443
_d
237443